000 00561nam a2200181Ia 4500
005 20250423101436.0
008 250422s9999 xx 000 0 und d
020 _a9781594487484
050 _aPQ8180.32.A797 V37/
100 _aVásquez, Juan Gabriel.
245 4 _aThe sound of things falling
260 _aNew York
260 _b Riverhead Books, a member of Penguin Group (USA) Inc.
260 _c2013
300 _a270 p
650 _a Drug traffic--Colombia--Fiction. Male friendship--Fiction. Colombia--History--Fiction.
942 _cBK
999 _c36316
_d36316